000 01176nam a2200325 i 4500
003 EG-GICUC
005 20260207003305.0
008 260207s2020 ua ||||fr|||| 00| 0 ara d
017 _a2020/11119
040 _a EG-GICUC
_bara
_c EG-GICUC
_d EG-GICUC
_erda
041 0 _aara
082 0 4 _221
_a343.91
_bم ح . ف
092 0 4 _221
099 _aLaw1 10 343.91 م ح . ف 2 ed - 2020
100 0 _aمحمد عبد المنعم حبشي
_eمؤلف.
245 1 2 _aالفقه الجنائي الإسلامي /
_cالدكتور محمد عبد المنعم حبشي.
250 _aالطبعة الثانية
264 1 _aالقاهرة :
_bدار النهضة العربية،
_c2020.
300 _a250 ؛ صفحة
_c24 سم.
336 _2rda content
_atext
337 _2rda media
_aComputer
338 _2rda carrier
_aOnline Resource
504 _aببليوجرافيا : صفحة 241 - 244.
546 _aالنص باللغة العربية
650 1 4 _aالقانون الجنائي
650 1 4 _aالنظام الجنائي الإسلامي
856 4 0 _uhttps://fll.law.cu.edu.eg/fulltext/bks/B10-08281.pdf
905 _a77
942 _2ddc
_cBK
_e21
_n0
999 _c61449
_d61449